Ultimate Vampire Diaries quiz - Statistics

General Stats
  • This quiz has been taken 276 times
  • The average score is 28 of 53
Answer Stats
Question Answer % Correct
How many seasons does the show have? 8
96%
how many seasons does Jenna Live? 2
91%
in the books, what is Elena's Hair colour? Blonde
89%
what season does Enzo make his debut? 5
88%
What season does Nina Exit the show? 6
88%
How old was Nina Dobrev when she got the part of Elena? 19
87%
in what season was the backdoor pilot to the Originals spinoff aired? 4
84%
which of the salvatore brothers did she date in real life? actors name Ian Somerhalder
78%
Sheriff Liz Forbes is which main characters mom? Caroline
76%
what is the name of the town that the show takes place in? Mystic Falls
76%
How many books did she write? 13
75%
when was Stefan and Damon Turned? 1864
75%
which Original sibling does Matt date in between season 4 finale and s5 premier? Rebekah
75%
which supernatural creature was Alaric's ex-wife, and Elena's mother, Isobel? Vampire
75%
what is the Herb that can protect someone from a vampire's influence? Vervain
75%
in the show, where is Katherine from? clue: because of where Nina was from Bulgaria
74%
what is the name of the psychopathic parker child, trapped in a prison world? Kai
74%
who is Stefan's Villainous Doppelganger? Silas
74%
who is the first original we see on screen in season 2? Elijah
73%
what do Caroline and Alaric name the twins? J and L Josie and Lizzie
72%
which vampire does Jeremy date in the second half of season 1? Anna
71%
who becomes the new Anchor to the otherside in season 5? Bonnie
70%
what is the name of the Salvatore's mother? Lily
70%
what does Stefan become when he turns off his Humanity? ripper
69%
which heretic did Stefan have a fling with before Katherine? VT Valerie
67%
who is the Original witch? Esther
64%
Who's Parents are Isobel Fleming and John Gilbert? Elena's
62%
what was the name of the king of Hell in season 8? Cade
61%
what was the name of Bonnie's ancestor that Stefan and Damon knew? Emily Bennet
60%
what is the name of the bridge that Elena's parents car goes over? Wickery bridge
54%
what is the name of the College where Elena and Caroline go to in season 5? Whitmore
53%
what is the name of Matt's Mom? Kelly
51%
Who Wrote the Books the show is based on? LJ Smith
48%
who plays Elena's Brother, Jeremy? Steven R McQueen
47%
what kind of supernatural being was Katherine and Nadia before they turned Vampire? Traveler
40%
what is the Lockwood's secret? werewolves
38%
Who plays Tyler Lockwood? Michael Trevino
36%
what is the name of the "aztec" curse that Klaus and Elijah Create? sun and moon
36%
who was the main showrunner? Julie Plec
34%
where is Paul Wesley's family originally from? clue Europe Poland
34%
who does Alaric almost Marry in the penultimate episode of season 6? Jo Laughlin
32%
In the books, which country is Katherine actually from? germany
31%
who is Tyler's dad? mayor lockwood
28%
when did Katherine first meet Klaus and Elijah? 15th century 1492
21%
what episode does lexi make her first appearance in modern day? 162 candles
16%
what episode of season 1, do we first see Alaric appear? episode title History repeating
9%
what channel did the show air on? the CW Network
9%
what episode is Vicki staked as a vampire? Haunted
8%
what is the only stake that can kill an Original? White Oake
8%
what does Caroline say when she meets stefan, also name of season 8 episode? we're having a june wedding
7%
when do Caroline and Klaus have their first unofficial date in season 4? ep title My Brother's Keeper
6%
in the books, what is Katherine's real name? von Swartzschild
6%
what was the name of the witch that cursed Silas and Amara? Q Qeysiyah
5%
No matching quizzes found
Score Distribution
Percent of People with Each Score
Percentile by Number Answered
Your Score History
You have not taken this quiz